Welcome to CU Library Online Public Access Catalogue (OPAC)

A Handbook of dispute resolution : (Record no. 755)

MARC details
000 -LEADER
fixed length control field 00841pam a2200217 a 4500
001 - CONTROL NUMBER
control field 579756
005 - DATE AND TIME OF LATEST TRANSACTION
control field 20241106191046.0
008 - FIXED-LENGTH DATA ELEMENTS--GENERAL INFORMATION
fixed length control field 900807s1991 enka b 101 0 eng
020 ## - INTERNATIONAL STANDARD BOOK NUMBER
International Standard Book Number 0415041244
050 00 - LIBRARY OF CONGRESS CALL NUMBER
Classification number KD7644.A75
Item number H36 1991
082 00 - DEWEY DECIMAL CLASSIFICATION NUMBER
Classification number 347.41/09
-- 344.1079
Edition information 20
245 02 - TITLE STATEMENT
Title A Handbook of dispute resolution :
Remainder of title ADR in action /
Statement of responsibility, etc. edited by Karl J. Mackie.
260 ## - PUBLICATION, DISTRIBUTION, ETC.
Place of publication, distribution, etc. London ;
-- New York :
Name of publisher, distributor, etc. Routledge and Sweet & Maxwell,
Date of publication, distribution, etc. 1991.
300 ## - PHYSICAL DESCRIPTION
Extent xii, 305 p. :
Other physical details ill. ;
Dimensions 24 cm.
500 ## - GENERAL NOTE
General note Based on papers presented at a workshop held at the University of Nottingham in 1988.
650 #0 - SUBJECT ADDED ENTRY--TOPICAL TERM
Topical term or geographic name entry element Dispute resolution (Law)
Geographic subdivision Great Britain.
650 #0 - SUBJECT ADDED ENTRY--TOPICAL TERM
Topical term or geographic name entry element Dispute resolution (Law)
700 1# - ADDED ENTRY--PERSONAL NAME
Personal name Mackie, Karl J.,
Dates associated with a name 1947-
856 42 - ELECTRONIC LOCATION AND ACCESS
Materials specified Publisher description
Uniform Resource Identifier <a href="http://www.loc.gov/catdir/enhancements/fy0648/90008988-d.html">http://www.loc.gov/catdir/enhancements/fy0648/90008988-d.html</a>
942 ## - ADDED ENTRY ELEMENTS (KOHA)
Source of classification or shelving scheme Library of Congress Classification
Koha item type Books
Suppress in OPAC No
999 ## -
-- 755
-- 755
Holdings
Withdrawn status Lost status Source of classification or shelving scheme Damaged status Not for loan Collection Home library Current library Date acquired Total checkouts Full call number Barcode Date last seen Copy number Price effective from Koha item type
    Library of Congress Classification     Non-fiction Law Library (Miotso) Law Library (Miotso) 11/06/2024   KD7644.A75H36 HAN llm00000615 11/06/2024 1 11/06/2024 Books
    Library of Congress Classification     Non-fiction Law Library (Miotso) Law Library (Miotso) 11/06/2024   KD7644.A75H36 HAN llm00000616 11/06/2024 2 11/06/2024 Books
    Library of Congress Classification     Non-fiction Law Library (Miotso) Law Library (Miotso) 11/06/2024   KD7644.A75H36 HAN llm00000617 11/06/2024 3 11/06/2024 Books
© 2023-2024 Copyright: Central University Libraries. All Rights Reserved | Created by: Mahone Tech Office